Remodeling basements, attics & garages : [step-by-step projects for adding space without adding on / (Record no. 10785)
[ view plain ]
| 000 -LEADER | |
|---|---|
| fixed length control field | 01107cam a2200277 a 4500 |
| 001 - CONTROL NUMBER | |
| control field | 3528498 |
| 005 - DATE AND TIME OF LATEST TRANSACTION | |
| control field | 20201124142817.0 |
| 008 - FIXED-LENGTH DATA ELEMENTS--GENERAL INFORMATION | |
| fixed length control field | 960709s1996 njua f 001 0 eng d |
| 010 ## - LIBRARY OF CONGRESS CONTROL NUMBER | |
| LC control number | 96084696 |
| 020 ## - INTERNATIONAL STANDARD BOOK NUMBER | |
| International Standard Book Number | 1580110312 (pbk.) : |
| Terms of availability | $14.95 |
| 035 ## - SYSTEM CONTROL NUMBER | |
| System control number | (OCoLC)36420153 |
| 040 ## - CATALOGING SOURCE | |
| Original cataloging agency | ViManCo |
| Transcribing agency | ViManCo |
| Modifying agency | DLC |
| 042 ## - AUTHENTICATION CODE | |
| Authentication code | lccopycat |
| 050 00 - LIBRARY OF CONGRESS CALL NUMBER | |
| Classification number | TH4816 |
| Item number | .C687 1996 |
| 082 00 - DEWEY DECIMAL CLASSIFICATION NUMBER | |
| Classification number | 643.5 |
| Edition number | 21 |
| Item number | REM |
| 245 10 - TITLE STATEMENT | |
| Title | Remodeling basements, attics & garages : [step-by-step projects for adding space without adding on / |
| Statement of responsibility, etc | [writers: Jane Cornell, Mark Feirer, David Jacobs]; [Editorial director David Schiff] |
| 260 ## - PUBLICATION, DISTRIBUTION, ETC. (IMPRINT) | |
| Place of publication, distribution, etc | Upper Saddle River, NJ : |
| Name of publisher, distributor, etc | Creative Homeowner Press, |
| Date of publication, distribution, etc | c1996. |
| 300 ## - PHYSICAL DESCRIPTION | |
| Extent | 191 p. : |
| Other physical details | ill. (some col.) ; |
| Dimensions | 28 cm. |
| 500 ## - GENERAL NOTE | |
| General note | Includes index. |
| 500 ## - GENERAL NOTE | |
| General note | "Step-by-step projects for remodeling attics, basements, and garages"-- Cover. |
| 700 1# - ADDED ENTRY--PERSONAL NAME | |
| Personal name | Feirer, Mark. |
| 700 1# - ADDED ENTRY--PERSONAL NAME | |
| Personal name | Jacobs, David H. |
| 942 ## - ADDED ENTRY ELEMENTS (KOHA) | |
| Source of classification or shelving scheme | Dewey Decimal Classification |
| Item type | Book - Borrowing |
| Withdrawn status | Item status | Source of classification or shelving scheme | Damaged status | Not for loan | Vendor | Home library | Current library | Shelving location | Date acquired | Source of acquisition | Cost, normal purchase price | Serial Enumeration / chronology | Total Checkouts | Full call number | Barcode | Date last seen | Koha item type |
|---|---|---|---|---|---|---|---|---|---|---|---|---|---|---|---|---|---|
| Dewey Decimal Classification | Alahram | Central Library | Central Library | First floor | 10/02/2009 | 102.60 | 6398 | 643.5 REM | 000014774 | 15/07/2025 | Book - Borrowing |